| 000 | 00675nam a2200193 i 4500 | ||
|---|---|---|---|
| 001 | 135129 | ||
| 003 | ES-MaACL | ||
| 005 | 20231227182307.0 | ||
| 007 | t| | ||
| 008 | 070710s1954 sp ||||1| spa d | ||
| 080 | _a86-311.2"19" | ||
| 100 | 1 |
_aToledano, Hilda de. _9110442 |
|
| 245 | 1 | 0 |
_aUn beso y... nada más _b: confidencia consciente de una pecadora inconsciente : novela / _cHilda de Toledano (seud.) ; semblanza de la autora por W. Fernández Flórez. |
| 260 |
_aMadrid : _bPlenitud, _c1954. |
||
| 300 |
_aXV, 254 p. ; _c19 cm. |
||
| 700 | 1 |
_aFernández Flórez, Wenceslao, _d1885-1964 _949790 |
|
| 852 |
_aES-MaACL _jC-8796 |
||
| 999 |
_c135129 _d135129 |
||